<?xml version="1.0" encoding="UTF-8"?>
<collection xmlns="http://www.loc.gov/MARC21/slim">
 <record>
  <leader>01080pam a22002898a 4500</leader>
  <controlfield tag="001">00025589</controlfield>
  <controlfield tag="005">20171026081023.0</controlfield>
  <controlfield tag="008">110809s2008                  ||||||viesd</controlfield>
  <datafield tag="020" ind1=" " ind2=" ">
   <subfield code="c">25000</subfield>
  </datafield>
  <datafield tag="041" ind1="0" ind2="#">
   <subfield code="a">vie</subfield>
  </datafield>
  <datafield tag="082" ind1="1" ind2="4">
   <subfield code="a">801</subfield>
   <subfield code="b">D121L</subfield>
  </datafield>
  <datafield tag="100" ind1="1" ind2="#">
   <subfield code="a">Todorov, Tzevan</subfield>
  </datafield>
  <datafield tag="245" ind1="1" ind2="0">
   <subfield code="a">Dẫn luận về văn chương kì ảo</subfield>
   <subfield code="c">Tzevan Todorov ; Dịch: Lê Hồng Sâm, Đặng Anh Đào</subfield>
  </datafield>
  <datafield tag="250" ind1="#" ind2="#">
   <subfield code="a">In lần thứ 2</subfield>
  </datafield>
  <datafield tag="260" ind1="#" ind2="#">
   <subfield code="a">H.</subfield>
   <subfield code="b">Đại học Sư phạm</subfield>
   <subfield code="c">2008</subfield>
  </datafield>
  <datafield tag="300" ind1="#" ind2="#">
   <subfield code="a">211 tr.</subfield>
   <subfield code="b">bảng</subfield>
   <subfield code="c">21cm</subfield>
  </datafield>
  <datafield tag="650" ind1="#" ind2="4">
   <subfield code="a">Lí luận văn học</subfield>
  </datafield>
  <datafield tag="650" ind1="#" ind2="4">
   <subfield code="a">Văn học kì ảo</subfield>
  </datafield>
  <datafield tag="650" ind1="#" ind2="4">
   <subfield code="a">Nghiên cứu văn học</subfield>
  </datafield>
  <datafield tag="650" ind1="#" ind2="4">
   <subfield code="a">Mỹ học</subfield>
  </datafield>
  <datafield tag="700" ind1="1" ind2="#">
   <subfield code="a">Đặng Anh Đào</subfield>
   <subfield code="e">Dịch</subfield>
  </datafield>
  <datafield tag="700" ind1="1" ind2="#">
   <subfield code="e">Dịch</subfield>
   <subfield code="a">Lê Hồng Sâm</subfield>
  </datafield>
  <datafield tag="852" ind1="#" ind2="#">
   <subfield code="j">KM.0007791</subfield>
   <subfield code="j">KD.0010571</subfield>
   <subfield code="j">KM.0007768</subfield>
   <subfield code="j">KM.0007691</subfield>
   <subfield code="j">KM.0007785</subfield>
   <subfield code="j">KM.0010786</subfield>
  </datafield>
  <datafield tag="852" ind1="#" ind2="#">
   <subfield code="b">Kho đọc</subfield>
   <subfield code="j">KD.0010571</subfield>
  </datafield>
  <datafield tag="852" ind1="#" ind2="#">
   <subfield code="b">Kho mượn</subfield>
   <subfield code="j">KM.0007785, KM.0007791, KM.0007691, KM.0007768, KM.0010786</subfield>
  </datafield>
  <datafield tag="910" ind1=" " ind2=" ">
   <subfield code="d">09/08/2011</subfield>
  </datafield>
  <datafield tag="980" ind1="#" ind2="#">
   <subfield code="a">Trung tâm Học liệu Lê Vũ Hùng, Trường Đại học Đồng Tháp</subfield>
  </datafield>
 </record>
</collection>
